<?xml version="1.0" encoding="UTF-8"?>
<record
    xmlns:xsi="http://www.w3.org/2001/XMLSchema-instance"
    xsi:schemaLocation="http://www.loc.gov/MARC21/slim http://www.loc.gov/standards/marcxml/schema/MARC21slim.xsd"
    xmlns="http://www.loc.gov/MARC21/slim">

  <leader>02021nam a22002417a 4500</leader>
  <controlfield tag="008">251002b        |||||||| |||| 00| 0 eng d</controlfield>
  <datafield tag="020" ind1=" " ind2=" ">
    <subfield code="a">9781544519562</subfield>
  </datafield>
  <datafield tag="040" ind1=" " ind2=" ">
    <subfield code="c">tbs</subfield>
  </datafield>
  <datafield tag="041" ind1=" " ind2=" ">
    <subfield code="a">eng</subfield>
  </datafield>
  <datafield tag="050" ind1=" " ind2=" ">
    <subfield code="a">HF5415.1265 </subfield>
    <subfield code="b">.S37 2021</subfield>
  </datafield>
  <datafield tag="100" ind1=" " ind2=" ">
    <subfield code="a">Schwartz, Eli</subfield>
    <subfield code="9">25969</subfield>
    <subfield code="e">author</subfield>
  </datafield>
  <datafield tag="245" ind1=" " ind2=" ">
    <subfield code="a">Product-led SEO</subfield>
    <subfield code="b">: the why behind building your organic growth strategy</subfield>
    <subfield code="c">/ Eli Schwartz.</subfield>
  </datafield>
  <datafield tag="260" ind1=" " ind2=" ">
    <subfield code="a">[Place of publication not identified] :</subfield>
    <subfield code="b">Houndstooth Press,</subfield>
    <subfield code="c">2021.</subfield>
  </datafield>
  <datafield tag="300" ind1=" " ind2=" ">
    <subfield code="a">261 pages : </subfield>
    <subfield code="b">illustrations ; </subfield>
    <subfield code="c">23 cm.</subfield>
  </datafield>
  <datafield tag="505" ind1=" " ind2=" ">
    <subfield code="a">Introduction &#x2014; 1. The basics of SEO and how search works &#x2014; 2. What is product-led SEO? &#x2014; 3. SEO is a job for humans &#x2014; 4. SEO and digital marketing &#x2014; 5. Strategic SEO &#x2014; 6. Tactical SEO &#x2014; 7. Broad SEO categories &#x2014; 8. The company and SEO &#x2014; 9. Implementing product-led SEO &#x2014; Conclusion.</subfield>
  </datafield>
  <datafield tag="520" ind1=" " ind2=" ">
    <subfield code="a">Nothing can take your business to the next level like great search engine optimization (SEO). Unfortunately, it's not always easy to know what will successfully drive traffic, leads, and sales. If you want to stand out from your competition, your SEO needs a distinctive blend of creativity and logic. Maybe you're a marketing manager or executive who is responsible for SEO growth but do not fully understand how it works. Or maybe you are a seasoned SEO pro looking to optimize further. Either way, this book is your behind-the-scenes guide to online visibility. When it comes to SEO, success often depends not on what you do but on how you do it. That is why Product-Led SEO digs deep into the logic and theory of SEO instead of offering step-by-step guidelines and techniques. You will learn to develop your own best practices and see where most SEO strategies go astray. If your main goal is driving traffic, you are leaving sales on the table.</subfield>
  </datafield>
  <datafield tag="650" ind1=" " ind2="0">
    <subfield code="a">Internet marketing</subfield>
    <subfield code="9">1133</subfield>
  </datafield>
  <datafield tag="650" ind1=" " ind2="0">
    <subfield code="a">Search engines</subfield>
    <subfield code="9">25757</subfield>
  </datafield>
  <datafield tag="650" ind1=" " ind2="0">
    <subfield code="a">Web search engines</subfield>
    <subfield code="9">7488</subfield>
  </datafield>
  <datafield tag="650" ind1=" " ind2="0">
    <subfield code="a">Communication in marketing</subfield>
    <subfield code="9">2094</subfield>
  </datafield>
  <datafield tag="650" ind1=" " ind2="0">
    <subfield code="a">Internet advertising</subfield>
    <subfield code="9">8759</subfield>
  </datafield>
  <datafield tag="942" ind1=" " ind2=" ">
    <subfield code="2">lcc</subfield>
  </datafield>
  <datafield tag="952" ind1=" " ind2=" ">
    <subfield code="0">0</subfield>
    <subfield code="1">0</subfield>
    <subfield code="2">lcc</subfield>
    <subfield code="4">0</subfield>
    <subfield code="7">0</subfield>
    <subfield code="a">TBS</subfield>
    <subfield code="b">TBS</subfield>
    <subfield code="d">2025-10-02</subfield>
    <subfield code="l">0</subfield>
    <subfield code="o">HF5415.1265 SCH</subfield>
    <subfield code="p">B07632</subfield>
    <subfield code="r">2025-10-02</subfield>
    <subfield code="t">1</subfield>
    <subfield code="w">2025-10-02</subfield>
    <subfield code="y">1</subfield>
  </datafield>
  <datafield tag="999" ind1=" " ind2=" ">
    <subfield code="c">4989</subfield>
    <subfield code="d">4989</subfield>
  </datafield>
</record>
